000 00338nam a22001457a 4500
008 230616b ||||| |||| 00| 0 eng d
020 _a978262031116
041 _aeng
080 _2VOLUME 1 VOLUME 2
_a610.73
082 _a610.73CAS
100 _a8
101 _aINF
245 _aTALKING WITH PATIENTS
_cCASSELL.J.E
942 _2udc
_cBK
999 _c60010
_d60010